Controlling colours : function and meaning of colour in the British Iron Age /
Colour defines our material world, operates as a communication tool and creates meaning. This book revisits well known and well documented sites or artefacts and explores their colours and colour connotations by looking at various contexts such as processes, landscape, iconography, body decoration o...
المؤلف الرئيسي:
التنسيق: كتاب الكتروني
اللغة: English
منشور في:
Oxford :
Archaeopress Publishing Ltd,
[2015]
سلاسل:
Archaeopress archaeology.
الموضوعات:
الوصول للمادة أونلاين: Login to view Source
الوسوم: إضافة وسم
رقم الطلب: GN780.22
| LEADER | 01944nam a2200421 i 4500 | ||
|---|---|---|---|
| 001 | EDZ0001323949 | ||
| 003 | StDuBDS | ||
| 005 | 20230412181645.0 | ||
| 006 | m|||||o||d|||||||| | ||
| 007 | cr ||||||||||| | ||
| 008 | 160129t20152015enka fob 000|0|eng|d | ||
| 020 | |a 9781784912260 (PDF ebook) : |c £34.00 | ||
| 040 | |a StDuBDS |b eng |c StDuBDS |e rda |e pn | ||
| 050 | 4 | |a GN780.22 | |
| 082 | 0 | 4 | |a 936.1016 |2 23 |
| 100 | 1 | |a Hoecherl, Marlies, |e author. | |
| 245 | 1 | 0 | |a Controlling colours : |b function and meaning of colour in the British Iron Age / |c Marlies Hoecherl. |
| 264 | 1 | |a Oxford : |b Archaeopress Publishing Ltd, |c [2015] | |
| 264 | 4 | |c ©2015 | |
| 300 | |a 1 online resource : |b illustrations (black and white, and colour). | ||
| 336 | |a text |2 rdacontent | ||
| 336 | |a still image |2 rdacontent | ||
| 337 | |a computer |2 rdamedia | ||
| 338 | |a online resource |2 rdacarrier | ||
| 490 | 1 | |a Archaeopress archaeology | |
| 504 | |a Includes bibliographical references. | ||
| 520 | 8 | |a Colour defines our material world, operates as a communication tool and creates meaning. This book revisits well known and well documented sites or artefacts and explores their colours and colour connotations by looking at various contexts such as processes, landscape, iconography, body decoration or the colour connotations of death. | |
| 521 | |a Specialized. | ||
| 588 | |a Description based on online resource; title from home page (viewed on February 16, 2016). | ||
| 650 | 0 | |a Iron age |z Great Britain. | |
| 650 | 0 | |a Color |x Social aspects |z Great Britain |x History |y To 1500. | |
| 651 | 0 | |a Great Britain |x Antiquities. | |
| 776 | 0 | 8 | |i Print version : |z 9781784912253 |
| 830 | 0 | |a Archaeopress archaeology. | |
| 856 | 4 | 0 | |3 Archaeopress |u http://library.arce.org:8087/Archaeopress/Products/9781784912253 |
| 942 | |2 lcc |c EBOOK | ||
| 952 | |0 0 |1 0 |4 0 |6 GN078022 |7 1 |9 46105 |a ARCH |b ARCH |d 2023-04-12 |l 0 |o GN780.22 |r 2023-04-12 00:00:00 |w 2023-04-12 |y EBOOK | ||
| 999 | |c 51763 |d 51763 | ||
